• 首页
  • 本馆介绍
  • 公告通知
  • 最新文献
  • 馆藏检索
  • 电子资源
  • 读者导购
  • 参考咨询
  • 我的图书馆
  • 登录
  • 详细信息显示
  • 放入我的书架
  • 预约/预借图书
  • 作者相关作品
  • 分类相关作品
  • 丛书相关作品
  • 出版社相关作品

书目信息

  • 表格格式
  • 工作单格式
  • 卡片格式
题名:
魏书生和欧阳代娜的教书育人之道
    
 
作者: 朱新平 , 赵立东 编
分册:  
出版信息: 桂林   漓江出版社  2002
页数: 213页
开本: 19cm
丛书名:
单 册:
中图分类: G633.3 , G42
科图分类:
主题词: 语文--教学法--研究--中学 , 语文 , 教学法 , 教学理论
电子资源:
ISBN: 7-5407-0840-9
000 00770nam0 2200277 450
001 1259223266
005 20121004163039.29
010    @a7-5407-0840-9@dCNY12.00
100    @a19980928d2002 emky0chiy0110 ea
101 0  @achi
102    @aCN@b450000
105    @ay z 000yy
200 1  @a魏书生和欧阳代娜的教书育人之道@Awei shu sheng he ou yang dai na de jiao shu yu ren zhi dao@f朱新平,赵立东编
205    @a4版
210    @a桂林@c漓江出版社@d2002
215    @a213页@d19cm
606 0  @a语文@x教学法@x研究@x中学
606 0  @a语文
606 0  @a教学法
606 0  @a教学理论
690    @aG633.3@v3
690    @aG42@v4
701  0 @a朱新平@Azhu xin ping@4编
701  0 @a赵立东@Azhao li dong@4编
801  0 @aCN@bNLC@c20101222
905    @a10447@dG42@eJY290
    
    魏书生和欧阳代娜的教书育人之道/朱新平,赵立东编.-4版.-桂林:漓江出版社,2002
    213页;19cm
    
    
    ISBN 7-5407-0840-9:CNY12.00
    
●
相关链接 在E读中查询图书 在五车中查询图书 在当当中查询图书 在豆瓣中查询图书


正题名:魏书生和欧阳代娜的教书育人之道     索取号:G42/JY290         预约/预借

序号 登录号 条形码 馆藏地/架位号 状态 备注
1 7805858   278058584   学院路分馆/ [索取号:G42/JY290] 在馆    
2 7805859   278058593   学院路分馆/ [索取号:G42/JY290] 在馆    
3 7805860   278058600   学院路分馆/ [索取号:G42/JY290] 在馆    
4 7805861   278058619   学院路分馆/ [索取号:G42/JY290] 在馆    
唐山师范学院图书馆 欢迎您!
大连网信软件有限公司© 版权所有